Besedy se snoubenci

Bibliographic Details
Main Author: Barták, Vladimír, 1921-1990 (Author)
Format: Book
Language:Czech
PhysicalDescription:132, [2] s. Příč. 12°
Published: Praha Státní zdravotnické nakladatelství 1968
Edition:2. vyd.
Subjects:

MARC

LEADER 00000nam a2200000 a 4500
001 vtls001057723
003 SK-MaSNL
005 20260228235834.0
008 240314s1968 xr 0 cze
035 |a SNK000000528 
040 |a SNK  |b slo  |c SNK  |e AACR2 
041 0 |a cze 
044 |a xr  |c CZ 
080 |a 613.88  |2 2001 
100 1 |a Barták, Vladimír,  |d 1921-1990  |4 aut  |9 198584 
245 1 0 |a Besedy se snoubenci  |c Vladimír Barták 
250 |a 2. vyd. 
260 |a Praha  |b Státní zdravotnické nakladatelství  |c 1968 
300 |a 132, [2] s.  |c Příč. 12° 
650 0 7 |a sexuálna výchova  |2 SNKPH  |9 2589 
852 |a Štátna vedecká knižnica v Banskej Bystrici 
958 |a OND 
999 |c 531478  |d 533408 
952 |t P60, <04>, [BOOK], {604}  |a SNK  |b SNK  |y VYP  |7 0  |o snkIE 3606  |i snkKIP 3043/68  |0 0  |1 0  |4 0  |d 1995-02-22  |l 0  |r 2004-12-31 00:00:00  |w 2026-02-23 
952 |t P60, <04>, [BOOK], {604}  |a SNK  |b SNK  |y VYP  |7 0  |o snkIE 3606 D1  |i snkKIP 3044/68  |0 0  |1 0  |4 0  |d 1995-02-22  |l 0  |r 2004-12-31 00:00:00  |w 2026-02-23